Normal view
MARC view
Entry Personal Name
001 - CONTROL NUMBER
- control field: 25055
003 - CONTROL NUMBER IDENTIFIER
- control field: BD-DhEWU
005 - DATE AND TIME OF LATEST TRANSACTION
- control field: 20200227120814.0
008 - FIXED-LENGTH DATA ELEMENTS
- fixed length control field: 200227|| aca||aabn | a|a d
040 ## - CATALOGING SOURCE
- Original cataloging agency: BD-DhEWU
- Transcribing agency: BD-DhEWU
100 ## - HEADING--PERSONAL NAME
- Personal name: মামুন, মুনতাসীর
- Miscellaneous information: Mamoon, Muntassir.
670 ## - SOURCE DATA FOUND
- Source citation: Work cat.: (BD-DhEWU): মামুন, মুনতাসীর Mamoon, Muntassir. , আলবদর : ১৯৭১ /, ২০১৮.